| 000 | 00969cam a22002777a 4500 | ||
|---|---|---|---|
| 001 | 2303 | ||
| 005 | 20250331084237.0 | ||
| 020 | _a9780060835552 | ||
| 020 | _a9780060835569 | ||
| 040 |
_aDLC _cDLC _dDLC _beng |
||
| 050 | 0 | 0 | _aPZ7.M462 |
| 082 | _a558 | ||
| 100 | 1 |
_aMayer, Mercer _d1943- |
|
| 245 | 1 | 0 |
_aJust a little sick / _cby Mercer Mayer |
| 250 | _aFirst Edition | ||
| 260 |
_aNew York : _bHarper, _c2010 |
||
| 300 |
_a32 pages : _billustrations ; _c23 cm |
||
| 490 | 0 | _aI can read! My first shared reading | |
| 500 | _a"Mercer Mayer's Little Critter"--Cover. | ||
| 505 | _aF | ||
| 520 | _aLittle Critter, who is sick, looks forward to a day home from school and plans a day of fun, but when his mother makes him stay in bed and takes him to the doctor, he looks forward to returning to school so he can see his friends. | ||
| 521 |
_a440 _bLexile |
||
| 521 |
_aF _bRaz-Plus |
||
| 906 |
_a7 _bcbc _corignew _d4 _encip _f20 _gy-gencatlg |
||
| 942 |
_2ddc _cBK _n0 |
||
| 999 |
_c2303 _d2303 |
||